Every NWSL Championship Winning Team - Statistics

General Stats
  • This quiz has been taken 35 times
    10 since last reset
  • The average score is 9 of 14
Answer Stats
Year Team % Correct
2025 Gotham FC
100%
2024 Orlando Pride
100%
2023 NJ/NY Gotham FC
88%
2013 Portland Thorns
75%
2022 Portland Thorns
75%
2021 Washington Spirit
75%
2018 NC Courage
63%
2019 NC Courage
63%
2017 Portland Thorns
63%
2020 (Fall Series) Portland Thorns
63%
2014 FC Kansas City
50%
2015 FC Kansas City
38%
2020 (Challenge Cup) Houston Dash
38%
2016 Western NY Flash
25%
No matching quizzes found
Score Distribution
Percent of People with Each Score
Percentile by Number Answered
Your Score History
You have not taken this quiz since the last reset